| 000 | 00816cam a2200277 a 4500 | ||
|---|---|---|---|
| 001 | 31267 | ||
| 003 | UkOxU | ||
| 005 | 20211209051659.0 | ||
| 008 | 930820s1963 enk 000 0 eng d | ||
| 020 | _a014020489X (pbk.) | ||
| 035 | _aCURL 0500B6319309(Lon) from rjc604 | ||
| 035 | _a(OCoLC)219917127 | ||
| 040 |
_aBD-RjUL _beng _cBD-RjUL |
||
| 041 | _aeng | ||
| 082 |
_a226.3 _bNIG 1963 |
||
| 100 | 1 |
_aNineham, D. E. _q(Dennis Eric), _d1921- _995150 |
|
| 245 | 1 | 4 |
_aThe Gospel of St Mark / _cD.E. Nineham. |
| 246 | 1 | 4 | _aSaint Mark |
| 260 |
_aHarmondsworth : _bPenguin, _c1963. |
||
| 300 |
_a477 p. ; _c19 cm. |
||
| 490 | 1 | _aPelican New Testament commentaries | |
| 500 | _aCover title: Saint Mark. | ||
| 830 | 0 |
_aPelican New Testament commentaries. _995151 |
|
| 942 |
_2ddc _cBK |
||
| 999 |
_c31267 _d31267 |
||